| 000 | 00323nam a2200133Ia 4500 | ||
|---|---|---|---|
| 008 | 230917s9999||||xx |||||||||||||| ||und|| | ||
| 040 |
_e156400 _aMAIN |
||
| 041 | _aEnglish | ||
| 082 | _a350.1 J199S | ||
| 100 | _aJain, C.M. | ||
| 245 | 0 | _aSevivargiya prashasan | |
| 260 |
_aJaipur _bResearch Publication _c379 |
||
| 942 | _cBK | ||
| 999 |
_c84936 _d84936 |
||